000 00487pab a2200181 454500
008 180718b2006 xxu||||| |||| 00| 0 eng d
100 _aDhawale, Mariam
245 _aGlobalisation attacks tribal women of Thane
260 _c2006
300 _ap.62-69.
362 _aJul-Aug
650 _aGlobalization - India - Maharashtra
650 _aTribes - India - Maharashtra
650 _aWomen - India - Maharashtra
650 _aWomen
773 _aSocial Scientist
909 _a71763
999 _c71763
_d71763